RISK MANAGEMENT IN BANKING (Record no. 26504)

MARC details
000 -LEADER
fixed length control field 00351nam a2200145Ia 4500
008 - FIXED-LENGTH DATA ELEMENTS--GENERAL INFORMATION
fixed length control field 240624s9999 xx 000 0 und d
041 ## - LANGUAGE CODE
Language code of text/sound track or separate title eng
082 ## - DEWEY DECIMAL CLASSIFICATION NUMBER
Classification number 658.155 BES
100 ## - MAIN ENTRY--PERSONAL NAME
Personal name BESSIS JOEL
245 ## - TITLE STATEMENT
Title RISK MANAGEMENT IN BANKING
250 ## - EDITION STATEMENT
Edition statement (3rd ed.)
260 ## - PUBLICATION, DISTRIBUTION, ETC.
Date of publication, distribution, etc. 2014
Place of publication, distribution, etc. New Delhi
Name of publisher, distributor, etc. Wiley
300 ## - PHYSICAL DESCRIPTION
Extent 821 : p. : cm. ; 28
365 ## - TRADE PRICE
Currency code RS
Price amount 33
Holdings
Withdrawn status Lost status Damaged status Not for loan Home library Current library Shelving location Date acquired Source of acquisition Cost, normal purchase price Total Checkouts Full call number Barcode Date last seen Date last checked out Copy number Price effective from Koha item type
        IMTN IMTN Rack 25-A 12/09/2015 VBC 999.00 3 658.155 BES 26504 09/17/2024 09/06/2024 1 06/24/2024 Books
Designed & Maintained by: LRC IMT Nagpur Contact: lrc@imtnag.ac.in© 2024. All Rights Reserved.